000 00378cam a22001217a 4500
008 180718b1948 xxu||||| |||| 00| 0 eng d
082 _aA6x56 K634 c.2
100 _aKirk, George E.
245 _aShort history of the middle East: from the rise of Islam to modern times.
_cby George E. Kirk
260 _aLondon
_bMethuen
_c1948
300 _a308p
650 _aMiddle East -History.
999 _c412687
_d412687